[Event "60th ch-BUL w Final"]
[Site "Bankya BUL"]
[Date "2011.04.21"]
[Round "11.1"]
[White "Zlatanova,E"]
[Black "Yordanova,S"]
[Result "1/2-1/2"]
[WhiteElo "2024"]
[BlackElo "2155"]

1.e4 g6 2.d4 Bg7 3.Nc3 d6 4.Be3 a6 5.Qd2 b5 6.f3 Bb7 7.h4 h5 8.Nh3 Nd7 9.Ng5 e6
10.Ne2 Nb6 11.b3 Ne7 12.Rd1 d5 13.Nf4 Qd7 14.g3 Qc6 15.Bg2 a5 16.O-O Qd6
17.Bh3 Bc8 18.Bg2 c6 19.Rfe1 a4 20.Bf2 Bh6 21.exd5 cxd5 22.Qd3 Bxg5 23.hxg5 Bd7
24.Qd2 Kf8 25.Nd3 Nf5 26.Ne5 Kg7 27.Qf4 Qe7 28.Bf1 axb3 29.axb3 b4 30.Ra1 Nd6
31.Bd3 Bb5 32.Bxb5 Nxb5 33.Nc6 Qc7 34.Qf6+ Kh7 35.Rxa8 Rxa8 36.Ne7 Nd6 37.Rxe6 Nd7
38.Nxd5 Ra1+ 39.Re1 Rxe1+ 40.Bxe1 Qc6 41.Nxb4 Qb6 42.Qf4 Nf5 43.c3 Qe6 44.Qe4 Qxb3
45.Qe8 Nb6 46.d5 Nd6 47.Qe7 Qd1 48.Kg2 Nbc4 49.Nc6 Qxd5 50.Nd4 Ne5 51.Qd8 Ng4
52.Qe7 Ne5 53.Qd8 Nd3 54.Qe7 Ne5  1/2-1/2

[Event "Cez Cup GM 2011"]
[Site "Frydek Mistek CZE"]
[Date "2011.04.21"]
[Round "4"]
[White "Velicka,P"]
[Black "Szablowski,P"]
[Result "0-1"]
[WhiteElo "2477"]
[BlackElo "2404"]

1.e4 g6 2.d4 Bg7 3.Nc3 d6 4.Nf3 a6 5.a4 Nf6 6.a5 O-O 7.Be2 Nc6 8.d5 Nb8 9.O-O e5
10.dxe6 Bxe6 11.Nd4 Bd7 12.f4 Nc6 13.Be3 Nxe4 14.Nxe4 Re8 15.Bf3 d5 16.Nxc6 Bxc6
17.Nc3 Rxe3 18.Nxd5 Rxf3 19.Rxf3 Qxd5 20.Qxd5 Bxd5 21.Rd3 Be4 22.Rb3 Rd8
23.Re1 f5 24.Re2 Bd4+ 25.Kf1 Bd5  0-1

[Event "Lenk Open"]
[Site "Lenk SUI"]
[Date "2011.04.21"]
[Round "1"]
[White "Sokolov,And1"]
[Black "Schweizer,Simon"]
[Result "1-0"]
[WhiteElo "2575"]
[BlackElo "1905"]

1.e4 g6 2.d4 Bg7 3.Nc3 d6 4.h3 a6 5.g4 b5 6.Bg2 Bb7 7.Nge2 Nd7 8.O-O e5 9.Be3 Nb6
10.b3 Nf6 11.dxe5 dxe5 12.Ng3 Nfd7 13.a4 b4 14.Nce2 a5 15.c3 c5 16.Qd2 O-O
17.Rfd1 Qe8 18.cxb4 cxb4 19.Rac1 Rc8 20.Qd6 Qd8 21.Rxc8 Bxc8 22.Qc6 Re8 23.Rd6 Re6
24.Rxe6 fxe6 25.Qxe6+ Kh8 26.Qc6 Qf6 27.Qb5 Bf8 28.Nc1 Qe6 29.Qxa5  1-0

[Event "Oberhausen Easter Open"]
[Site "Oberhausen GER"]
[Date "2011.04.21"]
[Round "1.2"]
[White "Deinert,W"]
[Black "Hausrath,D"]
[Result "0-1"]
[WhiteElo "1851"]
[BlackElo "2527"]

1.e4 g6 2.d4 Bg7 3.Nc3 d6 4.Nf3 a6 5.a4 Nf6 6.Be2 O-O 7.O-O Nc6 8.h3 e5 9.d5 Ne7
10.b4 Nh5 11.Ra3 h6 12.b5 axb5 13.Nxb5 Bd7 14.c4 Nf4 15.Bxf4 exf4 16.Qc1 g5
17.c5 Qb8 18.a5 Ng6 19.Nfd4 c6 20.Nxd6 Bxd4 21.Qc4 Be5 22.dxc6 bxc6 23.Rd1 Be6
24.Qa4 Rd8 25.Qxc6 Qb2 26.Nf5 Qxa3 27.Rxd8+ Rxd8 28.Nxh6+ Kg7 29.Nf5+ Bxf5
30.exf5 Qa1+ 31.Bf1 Rd1  0-1

[Event "ch-SRB w 2011"]
[Site "Belgrade SRB"]
[Date "2011.04.22"]
[Round "11"]
[White "Eric,J"]
[Black "Rakic,Ma"]
[Result "1-0"]
[WhiteElo "2230"]
[BlackElo "2309"]

1.e4 g6 2.d4 Bg7 3.Nc3 d6 4.Be3 a6 5.Qd2 b5 6.Bd3 Nd7 7.a4 b4 8.Nce2 c5 9.c3 bxc3
10.bxc3 cxd4 11.cxd4 Ngf6 12.Bh6 O-O 13.Bxg7 Kxg7 14.Nf3 e5 15.O-O Re8 16.Ng3 h6
17.Qc3 Nf8 18.Rfd1 Qe7 19.h3 N8h7 20.Rab1 Ng5 21.Nxg5 hxg5 22.Rb6 g4 23.Qc6 Nd7
24.Qxa8 Nxb6 25.Qc6 Nd7 26.hxg4 Nb8 27.Qb6 Bxg4 28.Rc1 Nd7 29.Qa7 Qg5 30.Rc7 Qd2
31.Bxa6 Qd1+ 32.Nf1 exd4 33.f3 Ne5 34.fxg4 Qxa4 35.Be2 Qb4 36.Bc4 Rf8 37.Qxd4 Qa3
38.Bd5 Kg8 39.Rc3 Qb2 40.Qd2 Qa1 41.Rh3 Nxg4 42.Rh4 Qa7+ 43.Kh1 Kg7 44.Qc3+ Ne5
45.Qh3 Qf2 46.Rh7+ Kf6 47.Qh4+ Qxh4+ 48.Rxh4 Rc8 49.Rf4+ Kg5 50.Rf2 Rc1 51.Kg1 f6
52.Rd2 Ng4 53.Re2 Rd1 54.g3 f5 55.Rd2 Ra1 56.Kg2 Ra3 57.Nh2 Ne3+ 58.Kf2 Kf6
59.Re2 Nd1+ 60.Kg2 Rd3 61.Nf1 Rc3 62.Rd2 Rc1 63.exf5 gxf5 64.Bf3 Nc3 65.Rxd6+ Ke5
66.Rc6 Kd4 67.Rd6+ Ke5 68.Rd2 Ra1 69.Ne3 Rb1 70.Nd5 Nb5 71.Nf4 Nc3 72.Rd3 Rb2+
73.Kh3 Rc2 74.Kh4 Rc1 75.Kg5 Ne4+ 76.Bxe4 Kxe4 77.Ra3 Rg1 78.Nh5 Rf1 79.Ra4+  1-0

[Event "15th Neckar Open"]
[Site "Deizisau GER"]
[Date "2011.04.22"]
[Round "2"]
[White "Schleich,Mar"]
[Black "Bacrot,E"]
[Result "0-1"]
[WhiteElo "2245"]
[BlackElo "2718"]

1.e4 g6 2.d4 Bg7 3.Nc3 d6 4.Be3 a6 5.Qd2 b5 6.O-O-O Bb7 7.f3 Nd7 8.h4 h5
9.Nh3 e6 10.Ng5 Ngf6 11.Bd3 Qe7 12.Kb1 c5 13.e5 dxe5 14.dxc5 Nxc5 15.Bxc5 Qxc5
16.Nce4 Bxe4 17.Nxe4 Qc7 18.Nd6+ Ke7 19.Ne4 Nd5 20.Qg5+ Kf8 21.Qd2 Bh6 22.Ng5 Kg7
23.Be4 Rad8 24.g3 Qe7 25.Bxd5 Rxd5 26.Qc3 Bxg5 27.Rxd5 b4 28.Qe1 exd5 29.hxg5 Qxg5
30.f4 exf4 31.gxf4 Qxf4 32.Rf1 Re8 33.Qd1 Qe4  0-1

[Event "ch-FRA u20b"]
[Site "Montlucon FRA"]
[Date "2011.04.22"]
[Round "7.1"]
[White "Demuth,A"]
[Black "Sochacki,W"]
[Result "1/2-1/2"]
[WhiteElo "2375"]
[BlackElo "2294"]

1.d4 d6 2.e4 g6 3.Nc3 Bg7 4.f4 a6 5.a4 Nd7 6.Nf3 e6 7.Bd3 Ne7 8.O-O O-O 9.f5 c5
10.fxe6 fxe6 11.Bc4 d5 12.exd5 Nb6 13.Bb3 c4 14.Ba2 exd5 15.a5 Nd7 16.Bg5 Nf6
17.Ne5 h6 18.Bh4 g5 19.Bf2 Bf5 20.Qd2 Nc6 21.Nxc6 bxc6 22.b3 cxb3 23.Bxb3 Qd7
24.Rae1 Rae8 25.Bg3 Nh5 26.Be5 Bxe5 27.dxe5  1/2-1/2

[Event "Joao Braga Open"]
[Site "Sao Paolo BRA"]
[Date "2011.04.22"]
[Round "4.47"]
[White "Tashima,V"]
[Black "Souza,Marcos"]
[Result "1-0"]
[WhiteElo "1870"]
[BlackElo "2104"]

1.e4 g6 2.d4 Bg7 3.Nc3 d6 4.Nf3 Nf6 5.Be3 O-O 6.Qd2 Ng4 7.Bg5 h6 8.Bh4 g5
9.Bg3 e5 10.h4 exd4 11.Nxd4 Nc6 12.Nxc6 bxc6 13.hxg5 hxg5 14.Rh5 Nf6 15.Rxg5 Re8
16.f3 Nh7 17.Rh5 Be6 18.Bd3 Nf6 19.Rg5 Nh7 20.Rh5 Nf6 21.Rh2 Qb8 22.O-O-O Qb4
23.a3 Qa5 24.Nb1 Qb6 25.Bf2 c5 26.Rdh1 Rab8 27.c3 Kf8 28.g4 Ke7 29.g5  1-0

[Event "Lenk Open"]
[Site "Lenk SUI"]
[Date "2011.04.23"]
[Round "4"]
[White "Mihok,O"]
[Black "Erdelyi,T"]
[Result "1-0"]
[WhiteElo "2462"]
[BlackElo "2157"]

1.e4 d6 2.d4 g6 3.Nc3 Bg7 4.f4 a6 5.a4 b6 6.Nf3 Bb7 7.Bc4 e6 8.d5 exd5 9.exd5 Ne7
10.O-O O-O 11.Be3 Nf5 12.Bf2 h5 13.Nd4 Bc8 14.Qd2 Nxd4 15.Bxd4 Nd7 16.Bxg7 Kxg7
17.Ne4 Nc5 18.Qd4+ f6 19.Ng5 a5 20.c3 Kh6 21.Nf3 Re8 22.Rae1 Bd7 23.Rxe8 Bxe8
24.f5 Nd7 25.fxg6 Bxg6 26.Bd3 Qg8 27.Qe3+ Kh7 28.Nh4 Bxd3 29.Qxd3+ Kh8 30.Ng6+ Kg7
31.Nf4 Qf7 32.Qf5 Rh8 33.Ne6+ Kh6 34.Qf4+ Kg6 35.Qf5+ Kh6 36.Nxc7 Rg8 37.Qf4+ Kh7
38.Qxd6 Qg7 39.g3 h4 40.Ne6 Qf7 41.Qf4 Qh5 42.Qe4+ Kh8 43.Rf4 Qd1+ 44.Kg2 Qd2+
45.Kh3  1-0

[Event "ch-DEN"]
[Site "Odense DEN"]
[Date "2011.04.24"]
[Round "9"]
[White "Skytte,R"]
[Black "Kristiansen,Jen"]
[Result "1-0"]
[WhiteElo "2409"]
[BlackElo "2436"]

1.e4 g6 2.d4 Bg7 3.Nc3 d6 4.Be3 Nf6 5.f3 c6 6.g4 Qb6 7.Qc1 h5 8.g5 Nfd7 9.Nge2 Qa5
10.Qd2 b5 11.a3 Qc7 12.Bg2 Nb6 13.b3 a6 14.f4 e6 15.O-O d5 16.f5 exf5 17.exd5 O-O
18.Bf4 Qd7 19.Bxb8 Rxb8 20.dxc6 Qd6 21.Qf4 Qxf4 22.Rxf4 Be6 23.Rd1 Rbe8 24.Rf2 f6
25.d5 Bf7 26.d6 fxg5 27.d7 Rd8 28.Nd5 Nxd5 29.Bxd5 Be5 30.c4 f4 31.Nd4 g4
32.Bxf7+ Kxf7 33.cxb5 Bc7 34.bxa6 Ke7 35.Re2+ Kf6 36.Nb5 Bb6+ 37.Kf1 f3 38.Red2 h4
39.c7 g3 40.Rd6+ Kg5 41.hxg3 hxg3 42.Rxb6 Rxd7 43.Rxd7 Rh8 44.Rd5+  1-0

[Event "57th ch-WLS"]
[Site "Cardiff WLS"]
[Date "2011.04.25"]
[Round "6.5"]
[White "Garcia,Jas"]
[Black "Pleasants,A"]
[Result "0-1"]
[WhiteElo "2010"]
[BlackElo "2056"]

1.e4 g6 2.d4 Bg7 3.Nc3 d6 4.Be3 a6 5.Qd2 Nd7 6.Nge2 c6 7.f3 Qc7 8.g4 b5 9.Ng3 h6
10.h4 Bb7 11.Be2 e6 12.h5 b4 13.Nd1 c5 14.c3 d5 15.e5 g5 16.Rc1 bxc3 17.bxc3 f6
18.exf6 Ngxf6 19.Kf2 Bf8 20.Bd3 Bd6 21.Bg6+ Ke7 22.Ne2 Nb6 23.Nb2 Raf8 24.Kg2 Nc4
25.Nxc4 dxc4 26.Bxg5 hxg5 27.Qxg5 Kd7 28.dxc5 Bxf3+ 29.Kf1 Qxc5 30.Qxc5 Bxc5
31.Rh4 Nxg4  0-1

[Event "Technomont IM 2011"]
[Site "Frydek Mistek CZE"]
[Date "2011.04.25"]
[Round "9"]
[White "Szczepkowska Horowska,K"]
[Black "Petran,Pe"]
[Result "1-0"]
[WhiteElo "2278"]
[BlackElo "2331"]

1.e4 g6 2.d4 Bg7 3.Nc3 d6 4.Be3 a6 5.Qd2 b5 6.Bd3 Nd7 7.Nf3 c6 8.O-O e5 9.dxe5 dxe5
10.a4 Bb7 11.axb5 axb5 12.Bxb5 cxb5 13.Nxb5 Kf8 14.Rxa8 Bxa8 15.Bc5+ Ne7
16.Rd1 Bc6 17.Na7 Ba4 18.Qb4 Bxc2 19.Nc6 Qa8 20.Rxd7 Qa1+ 21.Qe1  1-0

[Event "17th Asian Cities"]
[Site "Jakarta INA"]
[Date "2011.04.25"]
[Round "4.8"]
[White "Pg,L"]
[Black "Reilly,T"]
[Result "0-1"]
[WhiteElo "2301"]
[BlackElo "2271"]

1.e4 d6 2.d4 g6 3.Nc3 Bg7 4.f4 Nf6 5.Bb5+ c6 6.e5 cxb5 7.exf6 Bxf6 8.h4 h5
9.Qd3 a6 10.Ne4 Bg7 11.c3 Bf5 12.Qf3 Bg4 13.Qd3 Nd7 14.Ne2 Qc7 15.N2g3 d5
16.Ng5 Qc4 17.Qe3 b4 18.Kf2 O-O 19.Re1 e6 20.Kg1 Rac8 21.Bd2 bxc3 22.bxc3 b5
23.Nf3 b4 24.Ne5 Nxe5 25.fxe5 bxc3 26.Rac1 cxd2 27.Qxd2 Qa4 28.Rc3 Rxc3 29.Qxc3 Qxa2
30.Ra1 Qc4 31.Qe3 Rc8 32.Kh2 Qc3 33.Qg1 Bh6  0-1

[Event "17th Asian Cities"]
[Site "Jakarta INA"]
[Date "2011.04.25"]
[Round "5.3"]
[White "Novita,A"]
[Black "Lindiawati,E"]
[Result "1-0"]
[WhiteElo "2344"]
[BlackElo "2106"]

1.e4 d6 2.d4 g6 3.Nc3 Bg7 4.Be3 c6 5.Qd2 Qc7 6.f4 b5 7.Nf3 a5 8.Bd3 Nd7 9.O-O Ngf6
10.e5 Ng4 11.Rae1 O-O 12.h3 Nxe3 13.Qxe3 Nb6 14.Ng5 b4 15.Ne2 Nd5 16.Qg3 Ba6
17.Be4 e6 18.Rf2 Rfe8 19.h4 f5 20.Bd3 c5 21.c3 Bxd3 22.Qxd3 c4 23.Qf3 Nb6
24.h5 h6 25.Nh3 gxh5 26.Ng3 h4 27.Nh5 d5 28.g3 hxg3 29.Qxg3 Kh8 30.Rg2 Rg8
31.Qg6 Qe7 32.Ng5 hxg5  1-0

[Event "2nd Lille Open"]
[Site "Lille FRA"]
[Date "2011.04.25"]
[Round "1.4"]
[White "Rolland,B"]
[Black "Solodovnichenko,Y"]
[Result "0-1"]
[WhiteElo "2130"]
[BlackElo "2577"]

1.d4 d6 2.e4 g6 3.Nc3 Bg7 4.Be3 a6 5.Qd2 Nd7 6.g3 Ngf6 7.Bh6 Bxh6 8.Qxh6 c5
9.O-O-O cxd4 10.Rxd4 b5 11.Bg2 Bb7 12.Nge2 Qb6 13.Nd5 Nxd5 14.exd5 Nf6 15.Qe3 e5
16.Qg5 Nd7 17.Rd2 Qxf2 18.Bh3 h6 19.Bxd7+ Kxd7 20.Qg4+ Kc7 21.Nc3 Qf5 22.Qb4 Qd7
23.Rf1 f5 24.a4 bxa4 25.Rf3 Kd8 26.Nxa4 a5 27.Qa3 Ra6 28.c4 Ke7 29.c5 Bc8
30.c6 Qc7 31.Re2 Kf7 32.Nc3 Rb6 33.Qxa5 Rxc6 34.Qa4 Rc4 35.Qc2 Bd7 36.Ref2 Kg7
37.h4 Ra8 38.h5 e4  0-1

[Event "17th Asian Cities"]
[Site "Jakarta INA"]
[Date "2011.04.26"]
[Round "6.7"]
[White "Ibrahim,I UAE"]
[Black "Reilly,T"]
[Result "0-1"]
[WhiteElo "2158"]
[BlackElo "2271"]

1.e4 d6 2.d4 g6 3.Nc3 Bg7 4.g3 Nc6 5.d5 Ne5 6.h3 c6 7.Be3 Nf6 8.f4 Ned7 9.Bg2 cxd5
10.exd5 O-O 11.Nge2 Nb6 12.Bd4 Bd7 13.O-O Rc8 14.Kh2 Na4 15.Nxa4 Bxa4 16.b3 Bd7
17.a4 Qc7 18.c4 Ne8 19.Qd2 Bxd4 20.Nxd4 Ng7 21.Rfe1 Rce8 22.Rad1 Nf5 23.Re2 Qb6
24.Nxf5 Bxf5 25.Qc3 a5 26.g4 Bc8 27.Rde1 Qc7 28.Kh1 f6 29.Qg3 Rf7 30.Re3 Qc5
31.Bf1 Qd4 32.Bd3 b6 33.h4 Kh8 34.Kg2 Bd7 35.Qf3 Kg8 36.Kg3 Bc8 37.Qd1 Kh8
38.Qc2 Rg7 39.Re4 Qc5 40.R4e3 Qd4 41.Re4 Qc5 42.Qc3 Bxg4 43.R4e3 Bd7 44.Qb2 Bc8
45.Qc3 Qc7 46.Qd4 Qd7 47.Re6 Qd8 48.R6e3 Rf8 49.R3e2 Kg8 50.Re3 g5 51.f5 gxh4+
52.Kh2 Kh8 53.Qxh4 Rfg8 54.Be4 Qf8 55.Rh3 Qf7 56.Re2 Rg5 57.Qh6 Bxf5 58.Bxf5 Rxf5
59.Qe3 Rfg5 60.Qxb6 Qg6 61.Qf2 Rg1 62.b4 Qb1  0-1

[Event "2nd Lille Open"]
[Site "Lille FRA"]
[Date "2011.04.26"]
[Round "2.17"]
[White "Laine,Pan"]
[Black "Lagarde,Max"]
[Result "0-1"]
[WhiteElo "2200"]
[BlackElo "2441"]

1.e4 g6 2.d4 Bg7 3.Nc3 d6 4.Be3 a6 5.a4 Nd7 6.Qd2 c5 7.Nf3 Ngf6 8.h3 cxd4
9.Bxd4 b6 10.Bd3 O-O 11.O-O Bb7 12.Rfe1 Nc5 13.b4 Nxd3 14.cxd3 e5 15.Be3 d5
16.Bh6 dxe4 17.dxe4 Qxd2 18.Bxd2 Rac8 19.Rac1 Rc4 20.Nd5 Bxd5 21.exd5 Rxc1
22.Bxc1 Nxd5 23.Nxe5 Re8 24.Nd3 Rxe1+ 25.Nxe1 Nxb4 26.Bd2 Nd5 27.Nd3 Nc3
28.Bxc3 Bxc3 29.Kf1 f5 30.Nf4 Kf7 31.Ke2 Bd4 32.Nd5 a5 33.Nc7 Ke7 34.Nb5 Bc5
35.f3 Ke6 36.Kd3 Ke5 37.Nc7 Kf4 38.Ke2 Kg3 39.Kf1 h5 40.Nb5 g5 41.Nc3 g4
42.fxg4 hxg4 43.hxg4 Kxg4 44.Ke2 Kg3 45.Kf1 Be3 46.Ne2+ Kg4 47.Nc3 Kf4 48.Ke2 Bc5
49.Nb5 Kg3 50.Kf1 f4 51.Nc3 f3 52.gxf3 Kxf3  0-1

[Event "ch-RUS Rapid"]
[Site "Olginka RUS"]
[Date "2011.04.26"]
[Round "8"]
[White "Rublevsky,S"]
[Black "Nepomniachtchi,I"]
[Result "1/2-1/2"]
[WhiteElo "2678"]
[BlackElo "2729"]

1.e4 g6 2.d4 Bg7 3.Nc3 d6 4.Nf3 a6 5.Be2 b5 6.O-O Bb7 7.Re1 Nd7 8.Bg5 h6
9.Bh4 Nb6 10.a3 g5 11.Bg3 e6 12.d5 Bxc3 13.bxc3 e5 14.Nd2 f5 15.exf5 Bxd5
16.a4 Nxa4 17.c4 Nc3 18.Bh5+ Kd7 19.Qc1 Nf6 20.cxd5 Nxh5 21.Qa3 Nxd5 22.c4 Ndf4
23.Bxf4 gxf4 24.Ne4 Nf6 25.Nc5+ dxc5 26.Red1+ Kc6 27.Rxd8 Rhxd8 28.Qf3+ Kb6
29.cxb5 axb5 30.Rxa8 e4 31.Rxd8 exf3 32.Rf8 Nd7 33.Rh8 b4 34.Rxh6+ c6 35.Rd6 c4
36.Rd4 Kc5 37.Rxd7 c3 38.Rd1 c2 39.Re1 b3 40.f6 b2 41.f7 c1=Q 42.f8=Q+ Kb6
43.Qb4+ Kc7 44.Qe4 c5 45.Qb1 Qd2 46.Qh7+ Kb6 47.Re6+ Kb5 48.Qb7+ Kc4 49.Qe4+ Kc3
50.Qxf3+ Kc2 51.Qe4+ Kc3 52.Qf3+ Kc2 53.Qe4+ Kc3 54.Qe5+ Kc4 55.Qe4+ Kc3
56.Qf3+  1/2-1/2

[Event "2nd Lille Open"]
[Site "Lille FRA"]
[Date "2011.04.28"]
[Round "5.8"]
[White "Crut,A"]
[Black "Manolache,M"]
[Result "0-1"]
[WhiteElo "2320"]
[BlackElo "2546"]

1.e4 d6 2.d4 g6 3.Nc3 Bg7 4.f4 Nf6 5.Nf3 O-O 6.Bd3 Nc6 7.O-O Bg4 8.Be3 Nd7
9.e5 Nb6 10.a3 dxe5 11.dxe5 f6 12.exf6 exf6 13.h3 Bxf3 14.Qxf3 f5 15.Rad1 Qf6
16.Bb5 Rfd8 17.Bxc6 bxc6 18.Rxd8+ Rxd8 19.Rd1 Re8 20.Bd4 Qe6 21.Bxg7 Kxg7
22.Qd3 h5 23.Qd4+ Kf7 24.a4 h4 25.b3 a5 26.Qf2 Qe7 27.Kf1 Qb4 28.Rd3 Qa3
29.Qd2 Qa1+ 30.Qd1 Qb2 31.Qd2 Re7 32.Nd1 Qb1 33.Kf2 Qa2 34.c4 Qxd2+ 35.Rxd2 Nd7
36.Nb2 Nc5 37.Rd8 Re4 38.Nd3 Nxd3+ 39.Rxd3 Rxf4+ 40.Ke3 Re4+ 41.Kf3 Ke7 42.Rd2 g5
43.Rd3 Re1 44.Kf2 Rb1 45.Re3+ Kd6 46.Rd3+ Kc5 47.Rd7 Rb2+ 48.Kf1 Rxb3 49.Rxc7 Kxc4
50.Rxc6+ Kb4 51.Rf6 Rg3 52.Rxf5 Kxa4  0-1

[Event "Sydney International Open"]
[Site "Sydney AUS"]
[Date "2011.04.28"]
[Round "4"]
[White "Canfell,G"]
[Black "Arutinian,D"]
[Result "1/2-1/2"]
[WhiteElo "2313"]
[BlackElo "2575"]

1.e4 g6 2.d4 Bg7 3.Nc3 d6 4.Nf3 a6 5.Bc4 e6 6.Bg5 Ne7 7.Qd2 h6 8.Be3 Nd7
9.a4 d5 10.Bb3 dxe4 11.Nxe4 Nf5 12.Bf4 g5 13.Bg3 g4 14.Ng1 Nxg3 15.hxg3 b6
16.O-O-O Bb7 17.d5 Ne5 18.Qe2 exd5 19.f4 gxf3 20.Nxf3 Qe7 21.Bxd5 O-O-O 22.Nc3 Rhe8
23.Rhe1 c6 24.Bb3 Rxd1+ 25.Rxd1 Ng4 26.Qd3 Kb8 27.Re1 Qf8 28.Rxe8+ Qxe8 29.Ne4 Ne5
30.Qd6+ Ka7 31.Qc7 Qc8 32.Qe7 Qd7  1/2-1/2

[Event "Victory Day GM"]
[Site "Moscow RUS"]
[Date "2011.04.29"]
[Round "2"]
[White "Chernobay,A"]
[Black "Gorbatov,A"]
[Result "1-0"]
[WhiteElo "2486"]
[BlackElo "2396"]

1.e4 g6 2.d4 Bg7 3.Nc3 d6 4.Be3 a6 5.a4 b6 6.Nf3 Bb7 7.Bd3 Nd7 8.O-O e5 9.Qd2 Ngf6
10.Rad1 O-O 11.dxe5 dxe5 12.Bc4 Qe7 13.Nd5 Nxd5 14.Bxd5 c6 15.Ba2 Nf6 16.Bxb6 Nxe4
17.Qd7 Rfe8 18.Rfe1 c5 19.a5 Rac8 20.Bc4 Kf8 21.Qh3 Nd6 22.Bd5 Bxd5 23.Rxd5 Nc4
24.Qxh7 e4 25.Ng5 e3 26.fxe3 Nxe3 27.Qh3 Bxb2 28.c3 Bxc3 29.Rd3 Bg7 30.Rdxe3 Qxg5
31.Rxe8+ Rxe8 32.Rxe8+ Kxe8 33.Qc8+  1-0

[Event "TCh-HUN 2010-11"]
[Site "Budapest HUN"]
[Date "2011.05.01"]
[Round "10"]
[White "Szuk,B"]
[Black "Toth,E"]
[Result "0-1"]
[WhiteElo "2403"]
[BlackElo "2414"]

1.e4 g6 2.d4 Bg7 3.Nc3 d6 4.f4 c6 5.Nf3 Bg4 6.Be3 Qb6 7.Qd2 Bxf3 8.gxf3 Nd7
9.O-O-O Qa5 10.Kb1 b5 11.h4 Nb6 12.h5 b4 13.Ne2 Nc4 14.Qd3 d5 15.Bc1 Rb8
16.Ng3 Qc7 17.Rg1 Bh6 18.f5 Bxc1 19.Rxc1 Qf4 20.Rd1 gxf5 21.exd5 cxd5 22.Qxf5 Qxf5
23.Nxf5 Nb6 24.Re1 Kf8 25.Bh3 Nc4 26.Kc1 e6 27.Ne3 Nxe3 28.Rxe3 Nf6 29.f4 Rg8
30.Rxg8+ Kxg8 31.h6 Rc8 32.Rg3+ Kf8 33.Rb3 a5 34.a3 Rb8 35.c3 Nh5 36.f5 Nf4
37.cxb4 Ne2+ 38.Kd1 Nxd4 39.Rg3 axb4 40.fxe6 fxe6 41.a4 Ra8 42.Rg7 Rxa4 43.Rxh7 Ra1+
44.Kd2 Nf3+ 45.Ke3 Ng5 46.Rb7 Rh1 47.Bg2 Rh2 48.Kf2 Rxh6 49.Rxb4 Ke7 50.Rb6 Nf7
51.b4 Nd6 52.Rc6 Rh4 53.Rc5 Ne4+ 54.Bxe4 Rxe4 55.b5 Rc4 56.Rxc4 dxc4 57.Ke3 e5
58.Kd2 e4  0-1

[Event "4NCL 2010-11"]
[Site "Hinkley Island ENG"]
[Date "2011.05.01"]
[Round "10.14"]
[White "Gormally,D"]
[Black "McNab,C"]
[Result "1/2-1/2"]
[WhiteElo "2470"]
[BlackElo "2454"]

1.e4 g6 2.d4 d6 3.Nc3 Bg7 4.Be3 Nf6 5.h3 O-O 6.Nf3 c6 7.Bd3 Nbd7 8.O-O e5
9.Qd2 Re8 10.Bh6 Qb6 11.Bxg7 Kxg7 12.Na4 Qc7 13.Rfe1 b5 14.Nc3 a6 15.dxe5 dxe5
16.Ne2 Nc5 17.Ng3 Ne6 18.a4 Rb8 19.Qc3 Nf4 20.axb5 axb5 21.Bf1 b4 22.Qc5 Nd7
23.Qa5 Qxa5 24.Rxa5 Re7 25.Rd1 Bb7 26.Nd2 Ra8 27.Rxa8 Bxa8 28.Ra1 Bb7 29.Ra7 Nc5
30.Ra5 Nfe6 31.Bc4 Rd7 32.Ngf1 Kf6 33.Nf3 Nxe4 34.Bxe6 fxe6 35.Nxe5 Rd1 36.Ng4+ Ke7
37.f3 Nd6 38.Ra7 Kd7 39.Ne3 Rb1 40.b3 Kc7 41.Kf2 Kb6 42.Nd2 Kxa7 43.Nxb1 Kb6
44.c3 bxc3 45.Nxc3 Kc5 46.Nc2 e5 47.Na4+ Kb5 48.Nb2 Bc8 49.Nd3 e4 50.fxe4 Nxe4+
51.Ke3 Nd6 52.Na3+ Kb6 53.b4 Be6 54.Kf4 Nc4 55.Nc2 Bf5 56.Nce1 h6 57.g4 Bxd3
58.Nxd3 Kb5 59.g5 hxg5+ 60.Kxg5 Ne3 61.Kxg6 Kc4 62.Ne5+ Kd5 63.Kf6 Ng2 64.Kf5 Ne3+
65.Kf4 Ng2+ 66.Kf3 Ne1+ 67.Kf2 Nc2 68.Nd3 Ke4 69.Ke2 Nd4+ 70.Kd2 Nb5 71.h4 Kf5
72.Ke3 Kg4 73.Ne5+ Kxh4 74.Nxc6 Kg5 75.Ke4 Kf6 76.Kd5 Kf7 77.Kc5 Na3 78.Ne5+ Ke7
79.Nc4 Nc2 80.b5 Kd7 81.b6 Kc8 82.Na5 Ne3 83.Kc6 Kb8 84.b7 Ka7 85.Kd6 Kb8
86.Kc6 Ka7 87.Nb3 Nd5 88.Nc5 Nb4+ 89.Kc7 Nd5+ 90.Kd6 Nb4 91.Kc7 Nd5+ 92.Kc8 Nb6+
93.Kc7 Nd5+ 94.Kd7 Kb8 95.Kd6 Nb4 96.Kd7 Na6  1/2-1/2

[Event "Luebeck GM"]
[Site "Luebeck GER"]
[Date "2011.05.01"]
[Round "7"]
[White "Von Herman,U"]
[Black "Danielsen,Hen"]
[Result "0-1"]
[WhiteElo "2395"]
[BlackElo "2533"]

1.d4 d6 2.e4 g6 3.Nc3 Bg7 4.Be3 a6 5.Qd2 Nd7 6.f4 b5 7.a4 b4 8.Nd1 Rb8 9.Nf3 Ngf6
10.Nf2 Bb7 11.Bd3 O-O 12.c4 bxc3 13.bxc3 c5 14.a5 Qc7 15.O-O c4 16.Bc2 e5
17.fxe5 dxe5 18.dxe5 Nxe5 19.Nxe5 Rbd8 20.Bd4 Qxe5 21.Qe2 Rxd4 22.cxd4 Qxd4
23.Ra4 Rc8 24.Bb3 Nxe4 25.Rxc4 Rxc4 26.Bxc4 Be5 27.Kh1 Nd2 28.Rc1 Nf3 29.gxf3 Qf4
30.Kg2 Qg5+ 31.Kh3 Bc8+ 32.Ng4 Bxg4+ 33.fxg4 Qh6+ 34.Kg2 Qxh2+ 35.Kf3 Qf4+
36.Kg2 Qg3+ 37.Kf1 Qf4+ 38.Kg2 Qxc1 39.Bxf7+ Kxf7 40.Qxe5 Qc4 41.g5 Qg4+
42.Kh2 Qe6 43.Qc7+ Ke8 44.Qb8+ Kd7 45.Qb7+ Kd8 46.Qb8+ Qc8 47.Qd6+ Ke8 48.Qe5+ Kd7
49.Kg3 Qc7 50.Kf4 Qd6 51.Ke4 Qb4+ 52.Ke3 Qc4 53.Qg7+ Kc6 54.Qxh7 Qc5+ 55.Kd3 Qxg5
56.Kc4 Qb5+ 57.Kd4 Qc5+ 58.Kd3 Qd6+ 59.Kc2 Kb5 60.Qg8 Kxa5 61.Qa2+ Kb5 62.Qg8 a5
63.Qg7 a4 64.Qb7+ Qb6 65.Qg7 Qf2+ 66.Kc3 Qe3+ 67.Kb2 Qe2+ 68.Kc3 Qe4 69.Kb2 Kc4
70.Qg8+ Kd3 71.Ka3 Ke3 72.Qc8 Ke2 73.Qh8 Qf4 74.Ka2 g5 75.Qh5+ Kf2 76.Qh6 Kg3
77.Qh1 Qf2+ 78.Ka1 a3  0-1

[Event "Ostravsky Konik A"]
[Site "Ostrava CZE"]
[Date "2011.05.02"]
[Round "3.43"]
[White "Hladik,L"]
[Black "Petrov,Nikolaj"]
[Result "1-0"]
[WhiteElo "2047"]
[BlackElo "1937"]

1.e4 g6 2.d4 Bg7 3.Nc3 d6 4.Be3 Nf6 5.f3 c6 6.Qd2 O-O 7.O-O-O Nbd7 8.Bh6 e5
9.dxe5 dxe5 10.h4 Nh5 11.Nge2 Qf6 12.Bg5 Qe6 13.g4 Nhf6 14.h5 Bh8 15.Ng3 b5
16.b3 a5 17.hxg6 fxg6 18.Bd3 Nb6 19.Qh2 Rf7 20.Rdg1 b4 21.Na4 c5 22.Nxb6 Qxb6
23.Nf5 gxf5 24.gxf5 Kf8 25.Bh6+ Bg7 26.Bxg7+ Rxg7 27.Rxg7 Kxg7 28.Qh6+ Kf7
29.Rg1 Ke7 30.Rg7+ Kd8 31.Rf7 Bd7 32.Rxf6 Qa7 33.Qf8+ Kc7 34.Qd6+  1-0

[Event "29th Metz Open A"]
[Site "Longeville-les-Metz FRA"]
[Date "2011.05.03"]
[Round "2.14"]
[White "Peric,Sl"]
[Black "Shirazi,K"]
[Result "1-0"]
[WhiteElo "2227"]
[BlackElo "2369"]

1.d4 d6 2.e4 g6 3.Nc3 Bg7 4.Nf3 Nf6 5.Be2 c5 6.d5 O-O 7.O-O e6 8.Bf4 exd5
9.exd5 Nh5 10.Bg5 Qb6 11.Bc1 a6 12.Nd2 Nf4 13.Nc4 Nxe2+ 14.Qxe2 Qd8 15.Bf4 Re8
16.Qd2 Bf8 17.a4 Qc7 18.Rfe1 Rd8 19.Bg5 Nd7 20.Bxd8 Qxd8 21.Ne4 Ne5 22.Nxe5 dxe5
23.Qc3 f6 24.f4 f5 25.Ng5 e4 26.Ne6 Bxe6 27.dxe6 Qd4+ 28.Kh1 Qxc3 29.bxc3 Bg7
30.Rab1 Bxc3 31.Red1 e3 32.Rd3 Bd2 33.Kg1 b5 34.Kf1 b4 35.a5 Kf8 36.Rd7 Re8
37.Rd6 Rc8 38.Rxa6 c4 39.Rb2 Rc5 40.Ke2 b3 41.cxb3 c3 42.Rc2 Rb5 43.Ra8+ Ke7
44.a6  1-0

[Event "Ostravsky Konik A"]
[Site "Ostrava CZE"]
[Date "2011.05.04"]
[Round "5.32"]
[White "Borovicka,B"]
[Black "Pacl,V"]
[Result "0-1"]
[WhiteElo "2022"]
[BlackElo "2268"]

1.d4 d6 2.e4 g6 3.Nc3 Bg7 4.Be3 a6 5.f4 b5 6.a3 Nd7 7.Nf3 Bb7 8.Qd2 c5 9.Bd3 Ngf6
10.e5 Ng4 11.Bg1 cxd4 12.Bxd4 dxe5 13.Nxe5 Ndxe5 14.fxe5 O-O 15.Be4 Bxe4
16.Nxe4 Nxe5 17.Bxe5 Bxe5 18.Qxd8 Rfxd8 19.c3 Rd5 20.Rd1 Rad8 21.Rxd5 Rxd5
22.g3 f5 23.Nd2 Bf6 24.Ke2 Kf7 25.a4 Ke6 26.axb5 axb5 27.Ra1 Rd8 28.Ra5 Rb8
29.Kd3 Kd6 30.b3 Kc6 31.c4 e5 32.Ra6+ Rb6 33.Ra7 e4+  0-1

[Event "29th Metz Open A"]
[Site "Longeville-les-Metz FRA"]
[Date "2011.05.06"]
[Round "7.16"]
[White "Pucher,S"]
[Black "Frick,C"]
[Result "1-0"]
[WhiteElo "2227"]
[BlackElo "2190"]

1.e4 g6 2.d4 Bg7 3.Nc3 d6 4.h3 Nc6 5.d5 Nd4 6.Be3 c5 7.dxc6 Nxc6 8.Nge2 Nf6
9.g3 O-O 10.Bg2 Bd7 11.O-O Qc8 12.Kh2 Ne5 13.a4 Rd8 14.Ra2 b6 15.Nd5 Re8
16.b3 Bc6 17.Nd4 Bb7 18.Nb5 Nxd5 19.exd5 a6 20.Nd4 Qc3 21.Ne2 Qc7 22.Qd2 Rab8
23.Nd4 Nd7 24.c4 e5 25.Nc6 Bxc6 26.dxc6 Nc5 27.b4 Nb3 28.Qd3 Nd4 29.Bxd4 exd4
30.a5 b5 31.Re2 Re5 32.Rfe1 Kf8 33.Bd5 Qa7 34.f4 Rxe2+ 35.Rxe2 Bf6 36.cxb5 Rxb5
37.Qc4 d3 38.Qxd3 Rxb4 39.Rc2 Rb1 40.h4 Bd8 41.Qc3 Qg1+ 42.Kh3  1-0

[Event "Ostravsky Konik A"]
[Site "Ostrava CZE"]
[Date "2011.05.06"]
[Round "7.21"]
[White "Miturova,M"]
[Black "Hausner,I"]
[Result "0-1"]
[WhiteElo "2094"]
[BlackElo "2430"]

1.e4 g6 2.d4 Bg7 3.Nc3 d6 4.f4 c6 5.Nf3 Bg4 6.Be2 Qb6 7.e5 dxe5 8.dxe5 Nh6
9.Qd4 Nf5 10.Qxb6 axb6 11.Kf2 Nd7 12.Rd1 f6 13.exf6 Nxf6 14.h3 Bxf3 15.Bxf3 O-O
16.Be3 Nxe3 17.Kxe3 Bh6 18.Ke2 Bxf4 19.Ne4 Nd5 20.c3 Rfd8 21.Rd3 Bc1 22.Kf1 Bxb2
23.Rb1 Ba3 24.c4 Nb4 25.Rxa3 Rxa3 26.Rxb4 Ra6 27.c5 b5 28.Nc3 Ra3 29.Nxb5 cxb5
30.Bxb7 Rxa2 31.Kg1 Rdd2 32.Rxb5 Rdb2 33.Bd5+ Kg7 34.Rb6 Rxb6 35.cxb6 Rb2
36.b7 Kf6 37.Kh2 Ke5 38.Bc6 Kf4  0-1